Movies Quiz

Random Movies Quiz

IMDb's Top 20 Movies Quiz Stats

 Plays Quiz not verified by Sporcle

Challenge
Share
Tweet
Embed
Score 0/20 Timer 04:00
0 Plays Today
Rank Movie % Correct
2The Godfather Part I, II
85.2%
3The Godfather Part II
85.2%
16Casablanca
67.6%
1The Shawshank Redemption
65.7%
11Batman: The Dark Knight
63.9%
4Inception
60.2%
10Star Wars: The Empire Strikes Back
59.3%
14Star Wars
58.3%
12LOTR: The Return of the King
55.6%
6Pulp Fiction
54.6%
Rank Movie % Correct
20LOTR: The Fellowship of the Ring
54.6%
7Schindler's List
50%
15Goodfellas
43.5%
18Toy Story 3
43.5%
9One Flew Over the Cuckoo's Nest
40.7%
5The Good, the Bad and the Ugly
32.4%
17Fight Club
31.5%
812 Angry Men
30.6%
13Shichinin no samurai
19.4%
19City of God
13.9%

You're not logged in!

Compare scores with friends on all Sporcle quizzes.
Join for Free
OR
Log In

You Might Also Like...

Show Comments

Extras

Created Oct 22, 2010SourceReportFavoriteNominate
Tags:imdb

Top Quizzes Today


Score Distribution

Your Account Isn't Verified!

In order to create a playlist on Sporcle, you need to verify the email address you used during registration. Go to your Sporcle Settings to finish the process.

Report this User

Report this user for behavior that violates our Community Guidelines.

Details: